000 00681aam a2200265 4500
005 20251121112306.0
008 150721b1995 xxu||||| |||| 00| 0 spa d
020 _a9509714747
041 _aESP
082 _a363.256.5 B391i
100 _aBeck, Jan
_914803
245 _aInvestigaciones documentales
260 _aArgentina
260 _bEdiciones La Rocca
260 _c1995
300 _a234 páginas
490 _aInvestigación Criminal
650 _aDOCUMENTOSCOPÍA
650 _aGRAFOSCOPIA
650 _aCRIMINALISTICA
650 _aFALSIFICACIÓN DE DOCUMENTOS
650 _aDOCUMENTOS CUESTIONADOS
650 _aDOCUMENTOS DUDOSOS
942 _cBK
_2ddc
999 _c120
_d120